| 000 | 00436cam a2200169 4500 | ||
|---|---|---|---|
| 005 | 20250901165501.0 | ||
| 008 | 720523s1972 nyu b 001 0 eng | ||
| 010 | _a 76186494 | ||
| 020 | _a0812814584 | ||
| 050 | 0 | 0 |
_aGN281 .M6 1972 _b.M6 1972 |
| 082 | 0 | 0 | _a573.2 |
| 100 | 1 |
_aMorgan, Elaine, _d1920-2013. |
|
| 245 | 1 | 4 | _aThe descent of woman. |
| 260 |
_aNew York, _bStein and Day _c[1972] |
||
| 300 |
_a258 p. _c24 cm. |
||
| 942 | _2ddc | ||
| 999 |
_c4705 _d4705 |
||